|
|
|
|
| LEADER |
02238nam a2200553 i 4500 |
| 001 |
nkc20223393872 |
| 003 |
CZ PrNK |
| 005 |
20220426110842.0 |
| 007 |
ta |
| 008 |
220201t20202020xr a e f 000 0 cze |
| 015 |
|
|
|a cnb003393872
|
| 020 |
|
|
|a 978-80-88178-08-8
|q (brožováno)
|
| 035 |
|
|
|a (OCoLC)1315529940
|
| 040 |
|
|
|a BOA001
|b cze
|e rda
|
| 072 |
|
7 |
|a 364-1/-7
|x Druhy sociální pomoci a služeb
|2 Konspekt
|9 18
|
| 080 |
|
|
|a 316.344.6-056.36
|2 MRF
|
| 080 |
|
|
|a 316.728-021.465
|2 MRF
|
| 080 |
|
|
|a 364.69-3
|2 MRF
|
| 080 |
|
|
|a 364-7
|2 MRF
|
| 080 |
|
|
|a (035)
|2 MRF
|
| 100 |
1 |
|
|a Blažková, Anna
|7 mzk2011667714
|4 aut
|
| 245 |
1 |
0 |
|a Co teď a co potom? :
|b průvodce pro pečující o člověka s mentálním postižením /
|c autoři textu: Anna Blažková, Xenie Dočkálková, Petra Kopička, Gabriela Ptáčková, Markéta Smýkalová, Jana Stejskalová, Camille Latimier
|
| 264 |
|
1 |
|a [Praha] :
|b Společnost pro podporu lidí s mentálním postižením v České republice, z.s.,
|c [2020]
|
| 264 |
|
4 |
|c ©2020
|
| 300 |
|
|
|a 111 stran :
|b barevné ilustrace ;
|c 23 cm
|
| 336 |
|
|
|a text
|b txt
|2 rdacontent
|
| 337 |
|
|
|a bez média
|b n
|2 rdamedia
|
| 338 |
|
|
|a svazek
|b nc
|2 rdacarrier
|
| 650 |
0 |
7 |
|a osoby s mentálním postižením
|7 ph115263
|2 czenas
|
| 650 |
0 |
7 |
|a kvalita života
|7 ph198739
|2 czenas
|
| 650 |
0 |
7 |
|a zdravotně-sociální péče
|7 ph135125
|2 czenas
|
| 650 |
0 |
7 |
|a sociální služby
|7 ph125812
|2 czenas
|
| 650 |
0 |
9 |
|a people with mental disabilities
|2 eczenas
|
| 650 |
0 |
9 |
|a quality of life
|2 eczenas
|
| 650 |
0 |
9 |
|a medical social care
|2 eczenas
|
| 650 |
0 |
9 |
|a social service
|2 eczenas
|
| 655 |
|
7 |
|a příručky
|7 fd133209
|2 czenas
|
| 655 |
|
9 |
|a handbooks and manuals
|2 eczenas
|
| 700 |
1 |
|
|a Dočkálková, Xenie
|7 jo2016915398
|4 aut
|
| 700 |
1 |
|
|a Kopička, Petra
|7 mzk20221141342
|4 aut
|
| 700 |
1 |
|
|a Ptáčková, Gabriela
|7 mzk20221141344
|4 aut
|
| 700 |
1 |
|
|a Smýkalová, Markéta,
|d 1988-
|7 mzk20221141355
|4 aut
|
| 700 |
1 |
|
|a Stejskalová, Jana
|7 xx0247229
|4 aut
|
| 700 |
1 |
|
|a Latimier, Camille
|7 mzk20221141363
|4 aut
|
| 910 |
2 |
|
|a BOA001
|b 2-1482.380
|
| 990 |
|
|
|a BK
|
| 995 |
|
|
|a 01
|
| 991 |
|
|
|b 202203
|c NOV
|
| 996 |
6 |
|
|b 2610893980
|c 2-1482.380
|l MZK
|r Sklad / do 1 hodiny
|n 3
|p p.v.
|w 001878068
|u 000010
|a 1
|e BOA001
|j MZK50
|s P
|